<?xml version="1.0" encoding="UTF-8"?>
<record
    xmlns:xsi="http://www.w3.org/2001/XMLSchema-instance"
    xsi:schemaLocation="http://www.loc.gov/MARC21/slim http://www.loc.gov/standards/marcxml/schema/MARC21slim.xsd"
    xmlns="http://www.loc.gov/MARC21/slim">

  <leader>02058nam a22003853i 4500</leader>
  <controlfield tag="001">EBC31606730</controlfield>
  <controlfield tag="003">MiAaPQ</controlfield>
  <controlfield tag="005">20260505130903.0</controlfield>
  <controlfield tag="007">cr cnu||||||||</controlfield>
  <controlfield tag="008">260505s2024    xx      o     ||||0 ger d</controlfield>
  <datafield tag="020" ind1=" " ind2=" ">
    <subfield code="a">9783863936570</subfield>
    <subfield code="q">(electronic bk.)</subfield>
  </datafield>
  <datafield tag="020" ind1=" " ind2=" ">
    <subfield code="z">9783863931766</subfield>
  </datafield>
  <datafield tag="040" ind1=" " ind2=" ">
    <subfield code="a">MiAaPQ</subfield>
    <subfield code="b">eng</subfield>
    <subfield code="c">MiAaPQ</subfield>
  </datafield>
  <datafield tag="100" ind1="1" ind2=" ">
    <subfield code="a">Augsberg, Steffen.</subfield>
    <subfield code="9">69097</subfield>
  </datafield>
  <datafield tag="245" ind1="1" ind2="0">
    <subfield code="a">Verfassungspatriotismus :</subfield>
    <subfield code="b">Konzept, Kritik, K&#xFC;nftige Relevanz.</subfield>
  </datafield>
  <datafield tag="250" ind1=" " ind2=" ">
    <subfield code="a">1st ed.</subfield>
  </datafield>
  <datafield tag="264" ind1=" " ind2="1">
    <subfield code="a">Hamburg :</subfield>
    <subfield code="b">CEP Europ&#xE4;ische Verlagsanstalt GmbH,</subfield>
    <subfield code="c">2024.</subfield>
  </datafield>
  <datafield tag="264" ind1=" " ind2="4">
    <subfield code="c">{copy}2024.</subfield>
  </datafield>
  <datafield tag="300" ind1=" " ind2=" ">
    <subfield code="a">1 online resource (232 pages)</subfield>
  </datafield>
  <datafield tag="336" ind1=" " ind2=" ">
    <subfield code="a">Text</subfield>
    <subfield code="b">txt</subfield>
    <subfield code="2">rdacontent</subfield>
  </datafield>
  <datafield tag="337" ind1=" " ind2=" ">
    <subfield code="a">Computermedien</subfield>
    <subfield code="b">c</subfield>
    <subfield code="2">rdamedia</subfield>
  </datafield>
  <datafield tag="338" ind1=" " ind2=" ">
    <subfield code="a">Online Resource</subfield>
    <subfield code="b">cr</subfield>
    <subfield code="2">rdacarrier</subfield>
  </datafield>
  <datafield tag="500" ind1=" " ind2=" ">
    <subfield code="a">E-Book-ProQuest / Fernzugriff nach Registrierung m&#xF6;glich</subfield>
  </datafield>
  <datafield tag="653" ind1=" " ind2=" ">
    <subfield code="a">Patriotism.</subfield>
  </datafield>
  <datafield tag="653" ind1=" " ind2=" ">
    <subfield code="a">Constitutional law.</subfield>
  </datafield>
  <datafield tag="655" ind1=" " ind2=" ">
    <subfield code="a">Fernzugriff</subfield>
    <subfield code="9">230</subfield>
  </datafield>
  <datafield tag="655" ind1=" " ind2="4">
    <subfield code="a">Electronic books.</subfield>
  </datafield>
  <datafield tag="520" ind1=" " ind2=" ">
    <subfield code="a">The book explores the concepts of patriotism and constitutional law, focusing on the German Grundgesetz and its role in shaping national identity. It examines the evolution of patriotism through the perspectives of Dolf Sternberger and J&#xFC;rgen Habermas, highlighting how traditional ideas have been adapted to fit modern societal needs. The text delves into the interplay between legal frameworks and national identity, discussing the integration of Germany into European and Western contexts. The book is intended for scholars and students interested in political theory, constitutional law, and German history, aiming to provide insights into the relationship between law and identity.</subfield>
    <subfield code="7">Generated by AI.</subfield>
  </datafield>
  <datafield tag="650" ind1=" " ind2="0">
    <subfield code="7">Generated by AI.</subfield>
  </datafield>
  <datafield tag="650" ind1=" " ind2="0">
    <subfield code="7">Generated by AI.</subfield>
  </datafield>
  <datafield tag="776" ind1="0" ind2="8">
    <subfield code="i">Print version:</subfield>
    <subfield code="a">Augsberg, Steffen</subfield>
    <subfield code="t">Verfassungspatriotismus</subfield>
    <subfield code="d">Hamburg : CEP Europ&#xE4;ische Verlagsanstalt GmbH,c2024</subfield>
    <subfield code="z">9783863931766</subfield>
  </datafield>
  <datafield tag="856" ind1="4" ind2="0">
    <subfield code="u">https://ebookcentral.proquest.com/lib/maxweberstiftung-ebooks/detail.action?docID=31606730</subfield>
    <subfield code="z">Volltext</subfield>
  </datafield>
  <datafield tag="942" ind1=" " ind2=" ">
    <subfield code="c">EB</subfield>
  </datafield>
  <datafield tag="999" ind1=" " ind2=" ">
    <subfield code="c">74119</subfield>
    <subfield code="d">74119</subfield>
  </datafield>
  <datafield tag="952" ind1=" " ind2=" ">
    <subfield code="0">0</subfield>
    <subfield code="1">0</subfield>
    <subfield code="2">z</subfield>
    <subfield code="4">0</subfield>
    <subfield code="7">0</subfield>
    <subfield code="a">DHIM</subfield>
    <subfield code="b">DHIM</subfield>
    <subfield code="c">ONRES</subfield>
    <subfield code="d">2026-05-05</subfield>
    <subfield code="i">26-e00349</subfield>
    <subfield code="o">E-26-e00349</subfield>
    <subfield code="p">77056</subfield>
    <subfield code="r">2026-05-05 13:09:00</subfield>
    <subfield code="w">2026-05-05</subfield>
    <subfield code="y">EB</subfield>
  </datafield>
</record>
